000 00482nam a2200181Ia 4500
005 20250326125616.0
008 250326s9999 xx 000 0 und d
037 _aTextbook
040 _aFMSL
_beng
_cFMSL
041 _aeng
_2eng
084 _aX:991 M3
_qFMSL
100 _aDore R
_9258669
245 0 _aLabour markets, people and power
_cDore R
260 _aDelhi
_bDelhi, Hindustan
_c1983
300 _a57p
942 _cTB
_hX:991 M3
999 _c1278788
_d1278788